| 000 | 00779nam a22001937a 4500 | ||
|---|---|---|---|
| 005 | 20210325185710.0 | ||
| 008 | s2527 th tha d | ||
| 041 | _atha | ||
| 090 | _aอศ ช721ร 2527 | ||
| 245 | 1 | 0 | _aรุ่น 2465 (อนุสรณ์งานพระราชทานเพลิงศพพันโท ขุนเชษฐ์ชยวรรธน์) |
| 260 | 3 |
_aกรุงเทพฯ : _bโรงพิมพ์คุรุสภาลาดพร้าว, _c2527 |
|
| 300 |
_a353 หน้า ; _b 19 ซม. |
||
| 650 | 0 | 4 | _aพจนานุกรม |
| 650 | 0 | 4 | _aภาษาไทย -- พจนานุกรม |
| 850 | _aNALT | ||
| 942 | _cCRE | ||
| 997 | _c000000000023634 | ||
| 998 | _aBENJALUCK SUTTHIWILAI | ||
| 999 |
_c23634 _d23634 |
||